Pembuli Terkena Sendiri

Bibliographic Details
Main Author: Syed Mahadzir
Format: Book
Published: Selangor : Cooray's House Of Publication Sdn Bhd , (s.n)
Series:Siri Hentikan Buli

MARC

LEADER 00000cam a2200000 7i4500
001 0000051713
005 20150906.0
008 150906
020 |a 9832852811(set) 
020 |a 9833704069 
090 0 0 |a MOR   |b MAL 
100 0 |a Syed Mahadzir 
245 1 0 |a Pembuli Terkena Sendiri   |c Syed Mahadzir 
260 |a Selangor :   |b Cooray's House Of Publication Sdn Bhd ,   |c (s.n) 
490 0 |a Siri Hentikan Buli 
999 |a 0001042899   |b Book   |c Children Collection   |e Cawangan Mersing 
999 |a 0001042900   |b Book   |c Children Collection   |e Cawangan Taman Sri Lambak 
999 |a 0001042901   |b Book   |c Children Collection   |e Cawangan Segamat 
999 |a 0001049924   |b Book   |c Children Collection   |e Cawangan Taman Universiti 
999 |a 0001052064   |b Book   |c Children Collection   |e Cawangan Taman Universiti 
999 |a 0001052065   |b Book   |c Children Collection   |e Cawangan Pontian 
999 |a 0001052066   |b Book   |c Children Collection   |e Cawangan Kota Tinggi 
999 |a 0001052067   |b Book   |c Children Collection   |e Cawangan Mersing 
999 |a 0001052856   |b Book   |c Teenagers   |e Cawangan Bandar Tenggara 
999 |a 0001071140   |b Book   |c Children Collection   |e Cawangan Taman Sri Lambak 
999 |a 0001075506   |b Book   |c Children Collection   |e Cawangan Pontian 
999 |a 0001075514   |b Book   |c Children Collection   |e Cawangan Tmn. Ungku Tun Aminah 
999 |a 0001075563   |b Book   |c Children Collection   |e Cawangan Tmn. Ungku Tun Aminah 
999 |a 0001075767   |b Book   |c Teenagers   |e Cawangan Bandar Tenggara 
999 |a 0001130590   |b Book   |c Children Collection   |e Cawangan Pontian 
999 |a 0001130692   |b Book   |c Teenagers   |e Cawangan Bandar Tenggara 
999 |a 0001130716   |b Book   |c Children Collection   |e Cawangan Tangkak 
999 |a 0001133978   |b Book   |c Children Collection   |e Cawangan Bukit Gambir 
999 |a 0001138934   |b Book   |c Children Collection   |e Cawangan Segamat